Vybrané spisy Karla Sabiny. Sv. 3/2., Články literárně dějepisné /

Hlavní autor: Sabina, Karel, 1813-1877
Další autoři: Thon, Jan, 1886-1973
Jazyk: Čeština
Vydáno: V Praze : Jan Laichter, 1916
Témata:
Externí odkaz: Digitalizovaný dokument
Fyzický popis: xxxii, 480 s.
Knihy
Uloženo v:
LEADER 00977nam a22002532a 4500
001 000180119
003 CZ BrMZK
005 20171115101400.0
008 010907s1916 xr f cze d
015 |a cnb001515979  |z cnb001515947 
035 |a (OCoLC)85594071 
035 |a (OCoLC)85594195 
040 |a BOA001  |b cze  |c BOA001 
100 1 |a Sabina, Karel,  |d 1813-1877  |7 jk01110239  |4 aut 
245 1 0 |a Vybrané spisy Karla Sabiny.  |n Sv. 3/2.,  |p Články literárně dějepisné /  |c Karel Sabina ; k vydání upravil Jan Thon 
246 3 0 |a Články literárně dějepisné 
260 |a V Praze :  |b Jan Laichter,  |c 1916 
300 |a xxxii, 480 s. 
700 1 |a Thon, Jan,  |d 1886-1973  |7 jk01132354  |4 edt 
856 4 1 |u http://www.digitalniknihovna.cz/mzk/uuid/uuid:2488c520-aa44-11e6-840e-005056827e52  |y Digitalizovaný dokument  |x NDK 
910 |a BOA001  |b PK-A-0002.502,3/2 
964 |a Sabina, Karel - 1813-1877 - jk01110239 - články literárně kritické - výbory 
990 |a BK 
993 |a Y